| 000 | 00651nam a22002057a 4500 | ||
|---|---|---|---|
| 003 | OSt | ||
| 005 | 20140310181927.0 | ||
| 008 | 130720t xxu||||| |||| 00| 0 eng d | ||
| 050 |
_aMT 342 _b.P484 1934 |
||
| 082 |
_aTR 784.193 _bP44 1934 |
||
| 100 |
_aPetersen, A.C. _92423 |
||
| 245 |
_aElementary method flute or piccolo : a fundamental course for individual or like-instrument class instruction / _cA.C. Petersen |
||
| 260 |
_aMiami, Florida : _bRubank Inc, _cc1934. |
||
| 300 |
_a48 p. : _bill. ; _c30 cm. |
||
| 521 | _aFaculty | ||
| 541 | _j1 | ||
| 562 | _e1 | ||
| 650 |
_aFlute _xStudy and teaching. _92424 |
||
| 942 |
_2lcc _cBK-TR _kTR |
||
| 999 |
_c7215 _d7215 |
||